[Event "POL-chT U19 1st League"]
[Site "Suchedniow"]
[Date "2010.07.10"]
[Round "5"]
[White "Rosiak, Agata"]
[Black "Wolska, Marta"]
[Result "1-0"]
[WhiteElo "1854"]
[BlackElo "1622"]
[PlyCount "73"]
[EventDate "2010.07.06"]
[EventType "team-tourn"]
[EventRounds "9"]
[EventCountry "POL"]
[SourceTitle "EXT 2019"]
[Source "ChessBase"]
[SourceDate "2018.10.10"]
[SourceVersion "1"]
[SourceVersionDate "2018.10.10"]
[SourceQuality "1"]
[WhiteTeam "Gorzow Wielkopolski Stilon U19 II"]
[BlackTeam "Wroclaw MUKS MDK Srodmiescie U19"]
[WhiteTeamCountry "POL"]
[BlackTeamCountry "POL"]

1. d4 Nf6 2. Nf3 e6 3. Bg5 h6 4. Bxf6 Qxf6 5. e4 d6 6. Be2 Nd7 7. 0-0 Qd8 8. Nbd2 Be7 9. e5 d5 10. Bd3 b6 11. Ne1 Bb7 12. f4 c5 13. c3 cxd4 14. cxd4 Bb4 15. a3 Bxd2 16. Qxd2 g6 17. Nf3 Rc8 18. g4 h5 19. h3 hxg4 20. hxg4 Qe7 21. Kf2 Nb8 22. Rh1 Kd7 23. f5 gxf5 24. gxf5 Ba6 25. Bc2 Rcg8 26. f6 Qf8 27. Rag1 Rxh1 28. Rxh1 Rg4 29. Rg1 Rxg1 30. Kxg1 Qg8+ 31. Kf2 Nc6 32. Qh6 Qe8 33. Qg7 Nd8 34. Ba4+ b5 35. Bd1 Bb7 36. Ng5 Nc6 37. Nxf7 1-0

[Event "Rewal op-B 14th"]
[Site "Rewal"]
[Date "2009.08.29"]
[Round "9"]
[White "Rosiak, Agata"]
[Black "Sroka, Janusz"]
[Result "0-1"]
[WhiteElo "1807"]
[BlackElo "2064"]
[PlyCount "84"]
[EventDate "2009.08.20"]
[EventType "swiss"]
[EventRounds "9"]
[EventCountry "POL"]
[SourceTitle "EXT 2011"]
[Source "ChessBase"]
[SourceDate "2010.11.26"]
[SourceVersion "1"]
[SourceVersionDate "2010.11.26"]
[SourceQuality "1"]

1. d4 Nf6 2. Nf3 d6 3. Bf4 g6 4. e3 Bg7 5. h3 0-0 6. Be2 c5 7. c3 b6 8. 0-0 Bb7 9. Nbd2 Nbd7 10. a4 a6 11. Qc2 Re8 12. Rfd1 Rc8 13. Bg3 Qc7 14. Qb1 cxd4 15. exd4 Bh6 16. Nh2 Bxd2 17. Rxd2 Ne4 18. Rd1 Nxg3 19. fxg3 e5 20. dxe5 dxe5 21. Qd3 Qc5+ 22. Kh1 Nf6 23. Ng4 Nxg4 24. Bxg4 f5 25. Be2 Re7 26. Qd6 Qf2 27. Bf1 Rce8 28. Rd2 Qxg3 29. Bc4+ Kg7 30. Bd5 Bxd5 31. Qxd5 e4 32. Qd4+ Kh6 33. Qxb6 Qg5 34. Rad1 f4 35. c4 e3 36. Re2 Qh5 37. Rde1 f3 38. gxf3 Qxf3+ 39. Kh2 Re4 40. Qc6 R8e5 41. b3 Rh5 42. Qd7 Rg4 0-1

[Event "Rewal op-B 14th"]
[Site "Rewal"]
[Date "2009.08.22"]
[Round "3"]
[White "Rosiak, Agata"]
[Black "Koziej, Maciej"]
[Result "0-1"]
[WhiteElo "1807"]
[BlackElo "2075"]
[PlyCount "46"]
[EventDate "2009.08.20"]
[EventType "swiss"]
[EventRounds "9"]
[EventCountry "POL"]
[SourceTitle "EXT 2011"]
[Source "ChessBase"]
[SourceDate "2010.11.26"]
[SourceVersion "1"]
[SourceVersionDate "2010.11.26"]
[SourceQuality "1"]

1. d4 d5 2. Nf3 Nc6 3. Bf4 Bg4 4. e3 e6 5. Bd3 Nf6 6. h3 Bh5 7. 0-0 Bd6 8. c3 Ne4 9. Bxd6 cxd6 10. Nbd2 f5 11. Qc2 0-0 12. Nh2 Rc8 13. f3 Nb4 14. Qa4 Nxd2 15. Qxb4 Nxf1 16. Rxf1 b6 17. e4 fxe4 18. fxe4 Qg5 19. Bc2 Qe3+ 20. Kh1 Rxf1+ 21. Nxf1 Qe2 22. Ng3 Qxc2 23. Nxh5 Qd1+ 0-1

[Event "POL-ch U18 Girls"]
[Site "Chotowa"]
[Date "2009.04.04"]
[Round "10"]
[White "Kotula, Oktawia"]
[Black "Rosiak, Agata"]
[Result "1/2-1/2"]
[WhiteElo "1737"]
[BlackElo "1813"]
[PlyCount "71"]
[EventDate "2009.03.28"]
[EventType "swiss"]
[EventRounds "11"]
[EventCountry "POL"]
[SourceTitle "EXT 2011"]
[Source "ChessBase"]
[SourceDate "2010.11.26"]
[SourceVersion "1"]
[SourceVersionDate "2010.11.26"]
[SourceQuality "1"]

1. c4 g6 2. Nc3 Bg7 3. g3 Nf6 4. Bg2 0-0 5. Nf3 c6 6. 0-0 d5 7. cxd5 cxd5 8. d4 Nc6 9. Bg5 h6 10. Bxf6 Bxf6 11. Qd2 Bg7 12. Rac1 e6 13. e3 Bd7 14. Ne1 Rc8 15. Nd3 b6 16. f4 Ne7 17. Ne5 h5 18. Qe2 f6 19. Nxd7 Qxd7 20. a3 Rc4 21. Nxd5 exd5 22. Bxd5+ Nxd5 23. Qxc4 f5 24. Kf2 Kh7 25. Kf3 Re8 26. Rfe1 Qe6 27. Qd3 Nf6 28. Rc2 Qd5+ 29. Ke2 Ng4 30. Kd1 Qf3+ 31. Qe2 Nxe3+ 32. Kd2 Qxe2+ 33. Rxe2 Nxc2 34. Rxe8 Nxd4 35. Re7 Kh6 36. Rxa7 1/2-1/2

[Event "POL-ch U18 Girls"]
[Site "Chotowa"]
[Date "2009.03.30"]
[Round "4"]
[White "Stepien, Katarzyna"]
[Black "Rosiak, Agata"]
[Result "1-0"]
[WhiteElo "1626"]
[BlackElo "1813"]
[PlyCount "83"]
[EventDate "2009.03.28"]
[EventType "swiss"]
[EventRounds "11"]
[EventCountry "POL"]
[SourceTitle "EXT 2011"]
[Source "ChessBase"]
[SourceDate "2010.11.26"]
[SourceVersion "1"]
[SourceVersionDate "2010.11.26"]
[SourceQuality "1"]

1. d4 Nf6 2. Nf3 g6 3. Bf4 Bg7 4. e3 d6 5. Bc4 0-0 6. h3 c5 7. c3 b6 8. 0-0 Bb7 9. Nbd2 Nc6 10. Qb3 Na5 11. Qa4 Nxc4 12. Qxc4 Qd7 13. Rab1 b5 14. Qe2 Rfc8 15. dxc5 Rxc5 16. Nb3 Rcc8 17. Rfd1 a5 18. Bh2 b4 19. cxb4 axb4 20. Ne5 Qe6 21. Nd3 Rxa2 22. Nd4 Qd5 23. f3 Raa8 24. Nxb4 Qc5 25. Ndc2 Rab8 26. Kh1 Nd5 27. Qd2 Nb6 28. Rdc1 Nc4 29. Qe1 Nxb2 30. Bg1 Qg5 31. e4 Bc3 32. Be3 Qa5 33. Qf2 Bxb4 34. Nxb4 Rxc1+ 35. Bxc1 Qxb4 36. Rxb2 Qc4 37. Bh6 Qa6 38. Qd4 f6 39. Qb4 Kh8 40. Qb3 Qa7 41. Rb1 Qa6 42. Qf7 1-0

[Event "POL-ch U18 Girls"]
[Site "Chotowa"]
[Date "2009.03.29"]
[Round "2"]
[White "Demidowicz, Maria"]
[Black "Rosiak, Agata"]
[Result "1-0"]
[WhiteElo "2131"]
[BlackElo "1813"]
[PlyCount "49"]
[EventDate "2009.03.28"]
[EventType "swiss"]
[EventRounds "11"]
[EventCountry "POL"]
[SourceTitle "EXT 2011"]
[Source "ChessBase"]
[SourceDate "2010.11.26"]
[SourceVersion "1"]
[SourceVersionDate "2010.11.26"]
[SourceQuality "1"]

1. e4 c5 2. Nf3 d6 3. d4 cxd4 4. Nxd4 Nf6 5. Nc3 a6 6. f3 e6 7. Be3 Be7 8. Qd2 Nc6 9. 0-0-0 Bd7 10. g4 b5 11. g5 Ng8 12. f4 Rb8 13. Rg1 b4 14. Nce2 Qc8 15. Kb1 Na5 16. Ng3 Nc4 17. Bxc4 Qxc4 18. e5 dxe5 19. Ndf5 Rd8 20. Bb6 exf5 21. Bxd8 Be6 22. b3 Qxf4 23. Qd3 Bc5 24. Bf6 Bd4 25. Nh5 1-0

[Event "Szklarska Poreba op"]
[Site "Szklarska Poreba"]
[Date "2008.06.26"]
[Round "8.14"]
[White "Rosiak, Agata"]
[Black "Wasik, Jozef"]
[Result "1-0"]
[WhiteElo "1854"]
[BlackElo "1887"]
[PlyCount "113"]
[EventDate "2008.06.21"]
[EventType "swiss"]
[EventRounds "9"]
[EventCountry "POL"]
[SourceTitle "EXT 2023"]
[Source "ChessBase"]
[SourceDate "2022.10.05"]
[SourceVersion "1"]
[SourceVersionDate "2022.10.05"]
[SourceQuality "1"]

1. d4 d5 2. Nf3 c6 3. c3 Qc7 4. g3 Bf5 5. Bg2 Nf6 6. 0-0 e6 7. Nbd2 Nbd7 8. Re1 Be7 9. c4 0-0 10. Nh4 Bg4 11. cxd5 exd5 12. Qc2 Rfe8 13. Nb3 a5 14. Bg5 Bb4 15. Bd2 Be7 16. Bg5 a4 17. Nd2 Qb6 18. e3 h6 19. Bxf6 Nxf6 20. h3 Be6 21. Nhf3 Nd7 22. Bf1 c5 23. dxc5 Nxc5 24. Nd4 Rac8 25. Qb1 Bf6 26. N2f3 Bd7 27. b3 axb3 28. axb3 Ne6 29. Rd1 g6 30. Ra2 Rc3 31. b4 Nxd4 32. Nxd4 Rec8 33. Rad2 Ba4 34. Re1 Bxd4 35. Rxd4 Rb3 36. Qa1 Bc6 37. b5 Bxb5 38. Rxd5 Bc6 39. Rd6 Qb4 40. Red1 Rc3 41. Rd8+ Be8 42. Rxc8 Rxc8 43. Rb1 Qe7 44. Bg2 Bc6 45. Bxc6 bxc6 46. Qa6 Qd7 47. h4 c5 48. Qc4 Qf5 49. Rb5 Ra8 50. Rxc5 Qh3 51. Qc1 Kh7 52. Rc7 Kg8 53. Qd1 g5 54. hxg5 hxg5 55. Rc5 Qh6 56. Kg2 Qf6 57. Qd5 1-0

[Event "Szklarska Poreba op"]
[Site "Szklarska Poreba"]
[Date "2008.06.24"]
[Round "5.15"]
[White "Chomski, Maciej"]
[Black "Rosiak, Agata"]
[Result "1-0"]
[WhiteElo "1736"]
[BlackElo "1854"]
[PlyCount "97"]
[EventDate "2008.06.21"]
[EventType "swiss"]
[EventRounds "9"]
[EventCountry "POL"]
[SourceTitle "EXT 2023"]
[Source "ChessBase"]
[SourceDate "2022.10.05"]
[SourceVersion "1"]
[SourceVersionDate "2022.10.05"]
[SourceQuality "1"]

1. e4 c5 2. Nf3 d6 3. d4 cxd4 4. Nxd4 Nf6 5. Nc3 a6 6. Bc4 e6 7. Bb3 Be7 8. 0-0 0-0 9. a4 Nc6 10. Be3 Qc7 11. f4 Bd7 12. Qf3 Rac8 13. Qg3 Kh8 14. Kh1 Na5 15. Rad1 Nxb3 16. Nxb3 b5 17. axb5 axb5 18. e5 Ne8 19. Ne4 d5 20. Nec5 f5 21. c3 Qc6 22. Qf2 Rb8 23. Na5 Qc8 24. b4 Nc7 25. Nab3 Ra8 26. Ra1 Qd8 27. Rxa8 Nxa8 28. Ra1 Nc7 29. Ra7 Rg8 30. Nxd7 Qxd7 31. Bb6 Rc8 32. Nc5 Qc6 33. Bxc7 Rxc7 34. Ra6 Qe8 35. Rxe6 Qh5 36. h3 h6 37. Qd4 Bh4 38. Qxd5 Ra7 39. Kh2 Ra3 40. Qd3 Ra1 41. Ra6 Rd1 42. Qc2 Be1 43. Ra8+ Kh7 44. g4 Rd2+ 45. Qxd2 Qh4 46. Qg2 fxg4 47. Qe4+ g6 48. Ra7+ Kh8 49. Qa8+ 1-0

[Event "POL-ch U16 Girls"]
[Site "Leba"]
[Date "2008.04.03"]
[Round "8"]
[White "Ryszkiewicz, Anna"]
[Black "Rosiak, Agata"]
[Result "0-1"]
[WhiteElo "1724"]
[BlackElo "1828"]
[PlyCount "92"]
[EventDate "2008.03.29"]
[EventType "swiss"]
[EventRounds "11"]
[EventCountry "POL"]
[SourceTitle "CBM 123 Extra"]
[Source "ChessBase"]
[SourceDate "2008.05.06"]
[SourceVersion "1"]
[SourceVersionDate "2008.05.06"]
[SourceQuality "1"]

1. e4 c5 2. Nf3 d6 3. d4 cxd4 4. Nxd4 Nf6 5. Nc3 a6 6. f3 e6 7. Be3 Be7 8. Qd2 Nc6 9. 0-0-0 0-0 10. g4 Nd7 11. Kb1 Nde5 12. Qg2 Na5 13. h4 Nec4 14. Bxc4 Nxc4 15. Bc1 Qb6 16. g5 Bd7 17. h5 Rac8 18. Ka1 a5 19. g6 Bf6 20. Qg1 a4 21. Nde2 Qb4 22. Qe1 a3 23. b3 Nb6 24. Bd2 Na4 25. Kb1 Nxc3+ 26. Bxc3 Bxc3 27. gxh7+ Kh8 28. Nxc3 Qxc3 29. Qxc3 Rxc3 30. Rxd6 Bc6 31. Rf1 Kxh7 32. Kc1 Rc5 33. Kd2 Rxh5 34. Kc3 Rh2 35. Rd4 Rc8 36. Rc4 Rd8 37. Re1 Rdd2 38. Kb4 Rxc2 39. Rxc2 Rxc2 40. Kxa3 Rf2 41. Re3 Kg6 42. b4 Kg5 43. Kb3 Kf4 44. Re1 Rxf3+ 45. Kc4 Bxe4 46. a4 g5 0-1

[Event "POL-ch U16 Girls"]
[Site "Leba"]
[Date "2008.03.31"]
[Round "4"]
[White "Dabrowska, Paula"]
[Black "Rosiak, Agata"]
[Result "0-1"]
[WhiteElo "1605"]
[BlackElo "1828"]
[PlyCount "78"]
[EventDate "2008.03.29"]
[EventType "swiss"]
[EventRounds "11"]
[EventCountry "POL"]
[SourceTitle "CBM 123 Extra"]
[Source "ChessBase"]
[SourceDate "2008.05.06"]
[SourceVersion "1"]
[SourceVersionDate "2008.05.06"]
[SourceQuality "1"]

1. c4 Nf6 2. Nc3 d6 3. g3 g6 4. Bg2 Bg7 5. d3 0-0 6. Nf3 c5 7. 0-0 Nc6 8. a3 e6 9. Rb1 a5 10. Bd2 d5 11. cxd5 exd5 12. e3 Be6 13. Ne2 d4 14. e4 a4 15. Bf4 Bb3 16. Qc1 b6 17. Nd2 Be6 18. Bg5 Rc8 19. Qc2 Qc7 20. Bxf6 Bxf6 21. Qxa4 Ne5 22. Qc2 Rfd8 23. Nf4 Bd7 24. Nd5 Qd6 25. Nc4 Nxc4 26. Qxc4 b5 27. Qc2 c4 28. f4 Bg7 29. Rfe1 Be6 30. e5 Qc5 31. Nb4 Qb6 32. Qe2 Bf8 33. Nc2 cxd3 34. Qxd3 Rxc2 35. Kh1 Rc7 36. Rbd1 b4 37. Rd2 bxa3 38. bxa3 Rc3 39. Qe2 Rxa3 0-1

[Event "POL-ch U16 Girls"]
[Site "Leba"]
[Date "2008.03.31"]
[Round "3"]
[White "Jaworska, Aleksandra"]
[Black "Rosiak, Agata"]
[Result "0-1"]
[WhiteElo "1664"]
[BlackElo "1828"]
[PlyCount "66"]
[EventDate "2008.03.29"]
[EventType "swiss"]
[EventRounds "11"]
[EventCountry "POL"]
[SourceTitle "CBM 123 Extra"]
[Source "ChessBase"]
[SourceDate "2008.05.06"]
[SourceVersion "1"]
[SourceVersionDate "2008.05.06"]
[SourceQuality "1"]

1. e4 c5 2. Nc3 d6 3. g3 e6 4. Bg2 Nc6 5. d3 g6 6. f4 Bg7 7. Nf3 Nge7 8. 0-0 0-0 9. Be3 Rb8 10. Qd2 b6 11. Bf2 d5 12. e5 a6 13. Rae1 Na5 14. b3 Qc7 15. Kh1 b5 16. Ne2 c4 17. dxc4 bxc4 18. Nfd4 cxb3 19. cxb3 Nac6 20. Rc1 Qd7 21. Rc2 Bb7 22. Rfc1 Rfc8 23. Nxc6 Nxc6 24. Nd4 Bf8 25. Nxc6 Bxc6 26. Bc5 Bxc5 27. Rxc5 Bb7 28. Bf1 Rxc5 29. Rxc5 Rc8 30. Qc2 Rxc5 31. Qxc5 d4+ 32. Kg1 d3 33. Qc1 Qd4+ 0-1

[Event "POL-chT2 U20 Girls"]
[Site "Lublin"]
[Date "2007.07.12"]
[Round "7"]
[White "Nowakowska, Agnieszka"]
[Black "Rosiak, Agata"]
[Result "1-0"]
[WhiteElo "1780"]
[BlackElo "1741"]
[PlyCount "47"]
[EventDate "2007.07.07"]
[EventType "team-tourn"]
[EventRounds "11"]
[EventCountry "POL"]
[SourceTitle "EXT 2010"]
[Source "ChessBase"]
[SourceDate "2010.11.25"]
[SourceVersion "1"]
[SourceVersionDate "2010.11.25"]
[SourceQuality "1"]

1. e4 c5 2. Nc3 d6 3. Nf3 Nc6 4. d4 cxd4 5. Nxd4 a6 6. Be3 Nf6 7. f3 e6 8. Qd2 Be7 9. g4 0-0 10. 0-0-0 Nd7 11. h4 Nde5 12. Qf2 Bd7 13. Kb1 b5 14. g5 b4 15. Nce2 a5 16. h5 Nc4 17. Bc1 Qb6 18. Qg3 Rab8 19. g6 Bf6 20. gxh7+ Kh8 21. b3 Nxd4 22. Nxd4 Bxd4 23. Bxc4 a4 24. Rxd4 1-0

[Event "POL-chT2 U20 Girls"]
[Site "Lublin"]
[Date "2007.07.12"]
[Round "8"]
[White "Rosiak, Agata"]
[Black "Lasut, Paulina"]
[Result "1-0"]
[WhiteElo "1741"]
[BlackElo "1828"]
[PlyCount "81"]
[EventDate "2007.07.07"]
[EventType "team-tourn"]
[EventRounds "11"]
[EventCountry "POL"]
[SourceTitle "EXT 2010"]
[Source "ChessBase"]
[SourceDate "2010.11.25"]
[SourceVersion "1"]
[SourceVersionDate "2010.11.25"]
[SourceQuality "1"]

1. d4 Nf6 2. Nf3 d5 3. Bg5 Bf5 4. e3 e6 5. Be2 Nbd7 6. 0-0 Bd6 7. c4 c6 8. Nc3 0-0 9. Nh4 Bg6 10. Nxg6 hxg6 11. c5 Be7 12. b4 Nh7 13. Bxe7 Qxe7 14. b5 e5 15. bxc6 bxc6 16. Qa4 exd4 17. exd4 Qf6 18. Rfd1 Rfd8 19. Rac1 Qe6 20. Rb1 Nhf6 21. Ba6 Rab8 22. Bb7 Ne4 23. Nxe4 Qxe4 24. Qxc6 Qe2 25. Qa4 Nf6 26. c6 Re8 27. Ba6 Qe7 28. Rxb8 Rxb8 29. Qa5 Rb6 30. Bb7 Qc7 31. Qxa7 Kh7 32. Qa3 Ne4 33. Qh3+ Kg8 34. a4 Nd6 35. a5 Rb5 36. a6 Nxb7 37. cxb7 Qb6 38. Rc1 Rb1 39. Qc8+ Kh7 40. h3 Rb4 41. Qc5 1-0

[Event "POL-chT2 U20 Girls"]
[Site "Lublin"]
[Date "2007.07.10"]
[Round "5"]
[White "Wiczynska, Aneta"]
[Black "Rosiak, Agata"]
[Result "1-0"]
[WhiteElo "1861"]
[BlackElo "1741"]
[PlyCount "73"]
[EventDate "2007.07.07"]
[EventType "team-tourn"]
[EventRounds "11"]
[EventCountry "POL"]
[SourceTitle "EXT 2010"]
[Source "ChessBase"]
[SourceDate "2010.11.25"]
[SourceVersion "1"]
[SourceVersionDate "2010.11.25"]
[SourceQuality "1"]

1. d4 Nf6 2. c4 g6 3. Nc3 Bg7 4. e4 d6 5. Nf3 0-0 6. Be2 Nbd7 7. 0-0 e5 8. d5 a5 9. Ne1 Nc5 10. Qc2 Nfd7 11. Be3 f5 12. f3 f4 13. Bf2 b6 14. Nd3 g5 15. a3 Nf6 16. b4 Nxd3 17. Qxd3 g4 18. Bh4 gxf3 19. Bxf3 Qe8 20. Qe2 Qg6 21. Nb5 Rf7 22. Rac1 Ng4 23. h3 Bf6 24. Be1 Ne3 25. Bh5 Qxe4 26. Bxf7+ Kxf7 27. Nxc7 Rb8 28. Nb5 Be7 29. Bd2 Bf5 30. Bxe3 fxe3 31. Rxf5+ Qxf5 32. Rf1 Qxf1+ 33. Qxf1+ Kg7 34. Qe2 axb4 35. axb4 Bg5 36. Nxd6 Rf8 37. Ne4 1-0

[Event "POL-chT2 U20 Girls"]
[Site "Lublin"]
[Date "2007.07.08"]
[Round "2"]
[White "Raszkiewicz, Agnieszka"]
[Black "Rosiak, Agata"]
[Result "1/2-1/2"]
[WhiteElo "1863"]
[BlackElo "1741"]
[PlyCount "68"]
[EventDate "2007.07.07"]
[EventType "team-tourn"]
[EventRounds "11"]
[EventCountry "POL"]
[SourceTitle "EXT 2010"]
[Source "ChessBase"]
[SourceDate "2010.11.25"]
[SourceVersion "1"]
[SourceVersionDate "2010.11.25"]
[SourceQuality "1"]

1. e4 c5 2. Nf3 d6 3. d4 cxd4 4. Nxd4 Nf6 5. Nc3 a6 6. Be2 e6 7. 0-0 Be7 8. Be3 0-0 9. f4 Qc7 10. Bf3 Nc6 11. Qd2 Bd7 12. Kh1 Rac8 13. Qf2 Na5 14. Nxe6 fxe6 15. Bb6 Qb8 16. Bxa5 b5 17. a3 Bc6 18. Rfe1 Bd8 19. Bxd8 Rfxd8 20. Na2 a5 21. c3 Nd7 22. Rad1 Nc5 23. Nc1 b4 24. cxb4 axb4 25. axb4 Qxb4 26. Nd3 Nxd3 27. Rxd3 Rb8 28. Rd2 Rf8 29. Qe3 d5 30. exd5 Bxd5 31. Bxd5 exd5 32. g3 d4 33. Qxd4 Qxd4 34. Rxd4 Rxb2 1/2-1/2

[Event "POL-chT2 U20 Girls"]
[Site "Lublin"]
[Date "2007.07.07"]
[Round "1"]
[White "Rosiak, Agata"]
[Black "Kowara, Magdalena"]
[Result "1/2-1/2"]
[WhiteElo "1741"]
[BlackElo "1831"]
[PlyCount "68"]
[EventDate "2007.07.07"]
[EventType "team-tourn"]
[EventRounds "11"]
[EventCountry "POL"]
[SourceTitle "EXT 2010"]
[Source "ChessBase"]
[SourceDate "2010.11.25"]
[SourceVersion "1"]
[SourceVersionDate "2010.11.25"]
[SourceQuality "1"]

1. d4 d5 2. Nf3 e6 3. Bf4 Nf6 4. e3 Be7 5. Bd3 0-0 6. 0-0 Nbd7 7. Nbd2 b6 8. e4 dxe4 9. Nxe4 Bb7 10. Nxf6+ Bxf6 11. c3 c5 12. Ne5 cxd4 13. cxd4 g6 14. Rc1 Nxe5 15. dxe5 Bg5 16. Bxg5 Qxg5 17. f3 Qxe5 18. Qe2 Qxe2 19. Bxe2 Rac8 20. Rfd1 Rxc1 21. Rxc1 Rc8 22. Rxc8+ Bxc8 23. Kf2 Kf8 24. f4 Ke7 25. Ke3 Bd7 26. b4 Kd6 27. Kd4 f6 28. g3 e5+ 29. fxe5+ fxe5+ 30. Ke3 h6 31. h4 a5 32. a3 Bf5 33. Bf3 h5 34. Bg2 Ke6 1/2-1/2

[Event "Lasker Memorial op-B 15th"]
[Site "Barlinek"]
[Date "2007.06.08"]
[Round "7"]
[White "Majkowski, Andrzej"]
[Black "Rosiak, Agata"]
[Result "1-0"]
[WhiteElo "2019"]
[BlackElo "1761"]
[PlyCount "103"]
[EventDate "2007.06.02"]
[EventType "swiss"]
[EventRounds "10"]
[EventCountry "POL"]
[SourceTitle "CBM 118 Extra"]
[Source "ChessBase"]
[SourceDate "2007.07.04"]
[SourceVersion "1"]
[SourceVersionDate "2007.07.04"]
[SourceQuality "1"]

1. e4 c5 2. f4 e6 3. Nf3 Ne7 4. c3 d5 5. e5 Nbc6 6. d4 Qb6 7. Bd3 Bd7 8. Bc2 cxd4 9. cxd4 Nb4 10. Bb3 Bb5 11. Ba4 Rc8 12. Nc3 Bxa4 13. Qxa4+ Nec6 14. 0-0 Be7 15. Be3 0-0 16. Qd1 Na5 17. a3 Nc4 18. Bc1 Na6 19. Qc2 Qa5 20. f5 exf5 21. Qxf5 Nc7 22. Bg5 Bxg5 23. Nxg5 g6 24. Qh3 h5 25. Nxf7 Qb6 26. Rad1 Nxb2 27. Rf6 Qxf6 28. exf6 Nxd1 29. Ng5 Rce8 30. Nxd1 Re1+ 31. Kf2 Rxd1 32. Ke2 Rxd4 33. f7+ Kg7 34. Qc3 Nb5 35. Qe3 Re4 36. Nxe4 dxe4 37. Qc5 Nxa3 38. Qxa3 Rxf7 39. Qxa7 Re7 40. Ke3 Kf7 41. Qb6 Kg7 42. Qd6 Kf7 43. Qd8 g5 44. Qh8 h4 45. Qh7+ Kf6 46. Qh6+ Kf5 47. Qf8+ Ke6 48. Kxe4 g4 49. Qf5+ Kd6+ 50. Kd4 g3 51. hxg3 hxg3 52. Qf4+ 1-0

[Event "POL-ch U16 Girls"]
[Site "Leba"]
[Date "2007.03.30"]
[Round "9"]
[White "Ogonowska, Katarzyna"]
[Black "Rosiak, Agata"]
[Result "1-0"]
[WhiteElo "1885"]
[BlackElo "1763"]
[PlyCount "153"]
[EventDate "2007.03.24"]
[EventType "swiss"]
[EventRounds "11"]
[EventCountry "POL"]
[SourceTitle "EXT 2011"]
[Source "ChessBase"]
[SourceDate "2010.11.26"]
[SourceVersion "1"]
[SourceVersionDate "2010.11.26"]
[SourceQuality "1"]

1. e4 c5 2. Nf3 d6 3. d4 cxd4 4. Nxd4 Nf6 5. Nc3 e6 6. Bc4 Be7 7. 0-0 0-0 8. f4 Nc6 9. Kh1 a6 10. Bb3 Qc7 11. f5 Nxd4 12. Qxd4 b5 13. Bg5 Rb8 14. a3 h6 15. Bh4 a5 16. Rad1 Ne8 17. Bxe7 Qxe7 18. fxe6 fxe6 19. Rxf8+ Kxf8 20. Qd3 b4 21. Ne2 Bd7 22. Nf4 Kg8 23. a4 Rc8 24. Ng6 Qg5 25. e5 d5 26. Bxd5 exd5 27. Qxd5+ Kh7 28. Nf8+ Kh8 29. Nxd7 Rxc2 30. Qa8 Qe7 31. h3 Rxb2 32. Qxa5 Ra2 33. Qb5 Qg5 34. Rg1 Qe7 35. Rf1 Rd2 36. Rf8+ Kh7 37. Rxe8 Qxd7 38. Qxd7 Rxd7 39. Rb8 Re7 40. Rb5 b3 41. Rxb3 Rxe5 42. Ra3 Ra5 43. Kh2 Kg6 44. Kg3 Kg5 45. Kf3 Kf5 46. Ke3 Ke5 47. Kd3 Kd5 48. Kc3 Kc5 49. Kb3 Ra7 50. Ra1 Kb6 51. Re1 Rb7 52. Re5 Ka6+ 53. Ka3 Rb6 54. Re3 g5 55. Rb3 Re6 56. Rd3 Rb6 57. g3 Re6 58. h4 gxh4 59. gxh4 Ka5 60. Rd5+ Ka6 61. h5 Rf6 62. a5 Re6 63. Kb4 Re4+ 64. Kc3 Ra4 65. Kd3 Rh4 66. Ke3 Ra4 67. Kf3 Rh4 68. Kg3 Ra4 69. Rd6+ Kxa5 70. Rxh6 Rd4 71. Rf6 Kb5 72. h6 Rd1 73. Kg4 Kc5 74. Kh5 Rh1+ 75. Kg6 Rg1+ 76. Kf7 Rh1 77. Kg7 1-0